000
00286cam a2200121ua 4500
082
_a
823.308
_b
CHE/TH
100
_a
Chekov, A .
_9
1745
245
_a
Three Years /
250
_a
1 /
260
_a
Moscow :
_b
Foreign Language Publishing House ,
_c
1991.
300
_a
139 ; .
942
_c
BK
999
_c
7815
_d
7815